000 00320pab a2200145 454500
008 180718b1987 xxu||||| |||| 00| 0 eng d
100 _aPuri, Balraj
245 _aReligion and politics
260 _c1987
300 _a19-20
362 _aMay Day
650 _aPunjab - Politics
773 _aJanata
909 _a16834
999 _c16834
_d16834